| 000 | 01027nam a22002537a 4500 | ||
|---|---|---|---|
| 005 | 2009111306196.0 | ||
| 008 | 091113t xxu||||| |||| 00| 0 eng d | ||
| 010 | _aENG-95447 | ||
| 020 |
_a9788189005672 _c175.00 |
||
| 035 | _aEN-78980 | ||
| 037 | _bDBAD/PUB | ||
| 040 | _aDPL | ||
| 082 | _a150 | ||
| 100 | _aYadav, R. S. | ||
| 245 |
_aGeneral Psychology/ _cby R.S. Yadav |
||
| 260 |
_aNew Delhi _bSaurabh Publishing house _c2010 |
||
| 270 |
_a4263/3, Ansari road, Darya Ganj _bNew Delhi _e110002 |
||
| 300 |
_a 274p _c22 cm.(Pbk) |
||
| 500 | _a Includes Bibliographical references and index | ||
| 856 | _uhttp://www.loc.gov/catdir/toc/ecip0721/2007025342.html | ||
| 942 |
_2ddc _cEN _mYAD _h150 |
||
| 999 |
_c31790 _d31790 |
||